000 00787nam0a2200253 4500
001 RU\NLR\bibl\1089156
005 20260405132801.0
010 _a978-5-373-01009-2
_975000
021 _aRU
_b2007-25367
_91343
035 _a(NLR Aleph) 001076308
090 _a1030432
_c1030432
100 _a20070521d2007 |||y0rusy50 ca
101 0 _arus
102 _aRU
105 _ay |||||||||
200 1 _aЭлемент крови
_fZотов
210 _aМосква
_cОЛМА Медиагрупп
_d2007
215 _a505,[6] с.
_d21
700 1 _4070
_8rus
_7ca
_aЗотов
_bГ. А.
_f1971-
_gГеоргий Александрович
_3RU\NLR\auth\7753550
_936482
801 0 _aRU
_bNLR
_c20070521
_gRCR
801 1 _aRU
_bNLR
_c20070521
942 _cBOOK
980 _aNB